Statystyki dla Autorzy klasyki światowej literatury.

Kliknij tutaj aby rozwiązać quiz!

Ogólne statystyki

  • Ten quiz został rozwiązany 18 razy
  • Średni wynik to 21 z 50

Statystyki odpowiedzi

HintOdpowiedź% Poprawnych
Quo vadisSienkiewicz
100%
OdysejaHomer
69%
Duma i uprzedzenieAusten
63%
Wichrowe wzgórzaBronte
63%
DżumaCamus
63%
Opowieść wigilijnaDickens
63%
Imię różyEco
63%
ProcesKafka
63%
Folwark zwierzęcyOrwell
63%
Wojna i pokójTołstoj
63%
Mistrz i MałgorzataBułhakow
56%
NędznicyHugo
56%
Don KichotCervantes
50%
IdiotaDostojewski
50%
UlissesJoyce
50%
Czarodziejska góraMann
50%
Ojciec chrzestnyPuzo
50%
Rzeźnia nr 5Vonnegut
50%
Wielki GatsbyFitzgerald
44%
Blaszany bębenekGrass
44%
LolitaNabokov
44%
W poszukiwaniu straconego czasuProust
44%
Na zachodzie bez zmianRemarque
44%
Gra w klasyCortazar
38%
Pani BovaryFlaubert
38%
Nieznośna lekkość bytuKundera
38%
Zabić drozdaLee
38%
Sto lat samotnościMarquez
38%
Moby DickMelville
38%
Buszujący w zbożuSalinger
38%
Podróże GuliweraSwift
38%
Cichy DonSzołochow
38%
Ojciec GoriotBalzac
31%
DekameronBoccaccio
31%
Śniadanie u Tiffany`egoCapote
31%
Martwe duszeGogol
31%
Przygody dobrego wojaka SzwejkaHašek
31%
Pożegnanie z broniąHemingway
31%
Wilk stepowyHesse
31%
Pociągi pod specjalnym nadzoremHrabal
31%
Malowany ptakKosiński
31%
Sztukmistrz z LublinaSinger
31%
Na wschód od EdenuSteinbeck
31%
Czerwone i czarneStendhal
31%
Nowy wspaniały światHuxley
25%
Absalomie, AbsalomieFaulkner
19%
Dzień szakalaForsyth
19%
Trzech panów w łódce (nie licząc psa).Jerome
19%
Tożsamość Bourn'aLudlum
19%
Utracona cześć Katarzyny BlumBoll
13%

Rozkład punktacji

Percentyl według liczby udzielonych odpowiedzi

Procent ludzi z każdym wynikiem

Twoja historia wyników

Nie rozwiązałeś tego quizu